|
|
|
|
| LEADER |
01207nam a2200277 a 4500 |
| 001 |
2143512 |
| 008 |
090714s1999 enka b 001 0 eng d |
| 010 |
|
|
|a \\98035699
|
| 020 |
|
|
|a 0631206655 (alk. paper)
|
| 020 |
|
|
|a 0631218785 (pbk)
|
| 040 |
|
|
|a DLC
|c DLC
|d DLC
|
| 082 |
0 |
0 |
|a 942.05/5
|2 21
|
| 245 |
0 |
2 |
|a A companion to Shakespeare /
|c edited by David Scott Kastan.
|
| 260 |
|
|
|a Oxford, England ;
|a Malden, Mass. :
|b Blackwell Publishers,
|c 1999.
|
| 300 |
|
|
|a xii, 523 p. :
|b ill. ;
|c 25 cm.
|
| 490 |
|
0 |
|a Blackwell companions to literature and culture
|
| 504 |
|
|
|a Includes bibliographical references and index.
|
| 541 |
1 |
|
|e 00014281
|
| 600 |
1 |
0 |
|a Shakespeare, William,
|d 1564-1616
|x Handbooks, manuals, etc.
|
| 650 |
|
0 |
|a Literature and history
|z England
|x History
|y 16th century.
|
| 650 |
|
0 |
|a Literature and history
|z England
|x History
|y 17th century.
|
| 650 |
|
0 |
|a Books and reading
|z England
|x History.
|
| 651 |
|
0 |
|a England
|x Intellectual life
|y 16th century.
|
| 651 |
|
0 |
|a England
|x Intellectual life
|y 17th century.
|
| 999 |
|
|
|c 2434
|d 2434
|
| 952 |
|
|
|0 0
|1 0
|2 ddc
|4 0
|6 942_055000000000000_COM
|7 0
|9 2248
|a BRACUL
|b BRACUL
|c GEN
|d 2009-07-15
|g 1689.00
|l 2
|m 6
|o 942.055 COM
|p 3010014281
|r 2022-05-09
|s 2022-02-06
|t 1
|w 2009-07-15
|y BK
|